000
00318nam a22001457a 4500
003
SGT
020
_a
0330492217
082
_a
070
_b
T2000R
100
_a
RASHID, AHMED
245
_a
TALIBAAN: THE STORY OF THE AFGHAN WARLORDS
260
_b
PAN BOOKS
_c
2000
300
_a
276
650
_a
JOURNALISM
942
_2
ddc
_c
BK
999
_c
28628
_d
28628